000 00776nam a2200205Ia 4500
003 GCL
008 140319s9999 xx 000 0 ara d
040 _aGCL /
_cGCL
082 0 4 _a810.8
_bم ا
100 1 _aمصطفى لطفى المنفلوطى
245 1 0 _aالاعمال الكاملة ( مصطفى لطفى المنفلوطى ) /
_cمصطفى لطفى المنفلوطى
250 _aالاولى
260 _aالقاهرة :
_bدار ومكتبة الهلال للطباعة والنشر ،
_c2000
300 _a8 مج ؛
_c24 سم
490 _a
650 0 4 _aمصطفى لطفى المنفلوطى
650 0 4 _aالادب العربى - العصر الحديث
650 0 4 _aالنثر العربى - مصر - العصر الحديث
942 _2ddc
_cBK
999 _c54263
_d54263